000 01723nam0a22003251 4500
001 rc\3447660
005 20250610005138.0
021 _aRU
_b[73-61881]
035 _a(NLR Aleph) 007593304
090 _a5635364
_c5635364
100 _a20130115d1973 |||y0rusy50 ca
101 0 _arus
102 _aRU
105 _ay z |||||
200 1 _aИспользование трубопроводного транспорта для пассажирских перевозок
_fСост. канд. техн. наук Р.В. Горбанев, А.Н. Красников, Ю.П. Заляшин
_gОбъединение по руководству науч.-техн. информацией и пропагандой в РСФСР при Гос. ком. Совета Министров СССР по науке и технике. Гос. науч.-исслед. ин-т науч. и техн. информации "ГосИНТИ"
210 _aМосква
_c[ГосИНТИ]
_d1973
215 _a23 с.
_cграф.
_d21
225 1 _aПроблемы больших городов
_v№ 5/33-73
300 _aНа обл. сост. не указаны
300 _aНа обл. загл. сер.: Обзоры по проблемах больших городов
320 _aСписок лит.: с. 22-23
606 _aПневматические транспортные установки, пассажирские
_2psbo
700 1 _aГорбанев
_bР.В.
_gРостислав Васильевич
_4220
701 1 _aКрасников
_bА.Н.
_4220
701 1 _aЗаляшин
_bЮ.П.
_4220
801 0 _aRU
_bNLR
_gpsbo
801 1 _aRU
_bELAR
_2rusmarc
852 _aNLR
_jП31/290
942 _cBOOK
980 _aNB